Yleistieto 3 - Statistics

Yleistilastot
  • Tätä visaa on pelattu 159 kertaa
  • Keskiarvotulos 8 / 11
Vastaustilastot
Kysymys Vastaus % Oikein
Mikä on islannin pääkaupunki Reykjavik
99%
Kuinka monta osavaltiota yhdysvalloissa on 50
93%
Mikä on maailman nopein maaeläin Gepardi
89%
Mikä on suomen kansalliskukka Kielo
87%
Minä vuonna salatut elämät alkoivat mtv3 1999
84%
Miltä maalta yhdysvallat osti Alaskan Venäjältä
79%
Ketä suomalaista urheilijaa kutsuttiin nimellä iceman Kimi räikkönen
77%
Minä vuonna ihminen käveli ensi kertaa kuun pinnalla 1969
75%
Kuka voitti Suomen ensimmäisen idolsin Hanna pakarinen
53%
Missä maassa on eniten lehmiä Intiassa
14%
Milloin jatkosota alkoi (päivälleen) 25.6.1941
10%
Ehtoja vastaavia visoja ei löytynyt
Tulosjakauma
Jokaisen tuloksen saaneiden osuus
Persentiili vastausten määrän mukaan
Tuloshistoriasi
Et ole pelannut tätä visaa